[Event "ICS rated blitz match"]
[Site "204.178.125.65"]
[Date "1999.08.13"]
[Round "?"]
[White "Panthee"]
[Black "Hossa"]
[Result "0-1"]
[WhiteElo "2240"]
[BlackElo "2393"]
[Annotator "Hiarcs 7.32 (19s)"]
[PlyCount "176"]
[EventDate "1999.??.??"]

1. e4 1... Nc6 {Opening = 1.e4 Nc6} 2. b3 (2. f4 Nf6 (2... d5 3. e5 d4 4. Bc4
Bf5 5. d3 e6 6. h4 Be7 7. Nf3 Bg4 8. Nbd2 Nh6 9. g3 Nf5 10. Ne4 Nb4 11. Bb3 a5
12. a3 a4 13. axb4 axb3 14. Rxa8 Qxa8 15. c3 dxc3 16. bxc3 Qa1 17. O-O O-O 18.
Qd2 Ra8 19. Bb2 Qa7+ 20. d4 Qb6 21. Nh2 Bh3 22. Ra1 Rxa1+ 23. Bxa1 Qc6 24. Qe2
Qa4 25. Bb2 Qa2 26. Kf2 Qb1 27. Ng5 Qh1 28. Nf1 Bxf1 29. Qxf1 Qxf1+ 30. Kxf1
Ne3+ 31. Ke2 Nc4 32. Bc1 Bxg5 33. hxg5 b2 34. Bxb2 Nxb2 35. Kd2 Kf8 36. Kc2 Nc4
37. Kd3 37... b5 {0-1 Kusterle,F-Grosar,V/Portoroz 1996/EXP 51 (37)}) 3. e5 Ng8
4. d4 d5 5. c3 Bf5 6. Nf3 e6 7. Bd3 Qd7 8. b4 Bxd3 9. Qxd3 h5 10. Nbd2 g6 11.
a4 a5 12. b5 Nce7 13. Ba3 Nf5 14. Bxf8 Kxf8 15. O-O h4 16. Rfc1 16... Ngh6 {
Zhu Dinglong-Rossi,C/Roma op 1990/TD 90\03/0-1 (27)}) 2... e5 $146 (2... Nf6 3.
Nc3 e5 4. Bb2 Bc5 5. h3 a6 6. Nf3 d6 7. Bd3 Nd4 8. Nxd4 Bxd4 9. Qf3 Bd7 10. g4
Bc6 11. g5 Nd7 12. Rg1 Nc5 13. Bc4 Qd7 14. d3 b5 15. Bd5 Bxd5 16. exd5 b4 17.
Nd1 {Korhonen,J-Kvist,G/FIN-chT 1991/EXT 91ch2/1-0 (69)}) 3. Nf3 3... d5 $14 (
3... Nf6 4. Nc3 $11) 4. exd5 Qxd5 5. Nc3 Qd6 6. Bb5 Bd7 7. O-O 7... f6 {
Verwehrt dem Gegner g5} 8. Bb2 O-O-O 9. Ne4 $11 (9. Re1 9... Bf5 $14) 9... Qe6
$14 (9... Qd5 10. Qe2 $11) 10. Bc4 {Nun geraet Schwarz unter starken Druck.}
10... Qe7 11. a4 Bg4 12. h3 Bh5 13. Ng3 Bxf3 14. Qxf3 14... Rxd2 $18 (14... Qd7
$5 $16) 15. Bd3 Qd8 16. Ne4 Rxd3 17. Qxd3 Qxd3 18. cxd3 Be7 19. Rac1 Na5 20.
Nd2 Nc6 21. Rfd1 Nh6 22. Nc4 $14 (22. d4 $5 $16) 22... Rd8 23. Kf1 (23. g4 Nb4
24. d4 24... e4 $14) 23... Rd7 $16 (23... Nf5 $5 $14) 24. Ke2 $14 (24. g4 $5
$16) 24... Nf5 25. Kf1 25... Nh6 $16 (25... Nb4 $5 $11 {ist bedenkenswert}) 26.
Ne3 $11 (26. g4 $5 $16) 26... Na5 27. d4 Nxb3 28. Rc3 $17 (28. Rc4 $5 $11 $142
{muss geprueft werden}) 28... Nxd4 29. Rcd3 c5 30. Nc4 Nhf5 31. g4 Nd6 32.
Nxd6+ Bxd6 33. Bxd4 (33. h4 $19) 33... exd4 34. Re1 Be5 35. Rc1 Rc7 36. Ke2 $4
{damit ist die Partie vorbei} (36. Rc4 $19) 36... c4 37. Rdd1 g5 (37... d3+ $5
{und Schwarz haette es noch leichter} 38. Ke3 Bb2 39. f4 $19) 38. Kf3 c3 (38...
d3 $142 {ist genauer} 39. Rg1 c3 40. Ke4 $19) 39. Ke4 c2 (39... Rc4 $5 $142 {
erleichterte Schwarz die Gewinnfuehrung} 40. a5 $19) 40. Rd2 Bf4 41. Rcxc2 Bxd2
42. Rxd2 Rc3 43. Rxd4 Rxh3 44. f3 (44. Rd6 Ra3 45. Rd4 45... Kc7 $19) 44... Kc7
(44... h5 45. Rd5 $19) 45. Rd3 (45. Rc4+ Kd6 46. Rd4+ 46... Ke6 $19) 45... h5
46. gxh5 Rxh5 47. Kf5 g4+ (47... Rh6 $5 $142 {gibt noch groesseren Vorteil} 48.
Rc3+ Kb6 49. Rb3+ Ka6 50. Rb1 $19) 48. Kxg4 Rg5+ 49. Kf4 b5 50. axb5 50... Rxb5
{Der Freibauer a7 ist ein wichtiges Motiv} 51. Ke4 f5+ 52. Kd4 Kc6 53. Kc4 (53.
Ra3 53... a5 $19) 53... Rb2 $17 (53... a5 $5 54. Rd8 Rb4+ 55. Kd3 $19) 54. Kc3
$19 (54. Re3 Rc2+ 55. Kd4 55... Rc5 $17) 54... Rb6 55. Rd4 a5 56. Rf4 Rb5 57.
Rh4 Rc5+ 58. Kb3 Kb5 59. Rh8 (59. Rf4 59... Rd5 $19) 59... a4+ 60. Kb2 Kb4 61.
Rb8+ Kc4 62. Ra8 Rb5+ 63. Ka3 $2 (63. Kc2 $142 63... Kb4 64. Kb2 $19) 63...
Rb3+ 64. Kxa4 $4 {fuehrt zum raschen Untergang} (64. Ka2 Rxf3 65. Rc8+ Kd3 66.
Rd8+ Ke2 67. Ra8 $19) 64... Rxf3 65. Rd8 (65. Rc8+ {
kann das Vorangegangene nicht ungeschehen machen} 65... Kd3 66. Rd8+ Ke2 67.
Rf8 f4 68. Kb4 Rf1 69. Re8+ Kf2 70. Rf8 f3 71. Kc4 Rh1 72. Rf7 Rh3 73. Kd4 Ke2
74. Re7+ Kf1 75. Rc7 f2 76. Ke4 Kg2 77. Rg7+ Rg3 78. Rf7 Rg5 79. Rf8 Kg1 80.
Rf7 Kg2 81. Rf8 Kg1 82. Rf7 Rg6 83. Rf8 Rg7 84. Rf6 Rg8 85. Ke5 Re8+ 86. Kd4
Rd8+ 87. Ke4 Re8+ 88. Kd4 Rd8+ 89. Ke4 Re8+ 90. Kd4) 65... f4 66. Rd7 (66. Rf8
{waere gleichermassen fruchtlos} 66... Rf1 67. Rc8+ Kd4 68. Rd8+ Ke3 69. Re8+
Kf2 70. Rf8 f3 71. Kb4 Rg1 72. Kc3 Rg3 73. Kd2 Kf1 74. Rh8 f2 75. Rf8 Rg2 76.
Rf7 Kg1 77. Kd3 Rg5 78. Ke2 Re5+ 79. Kd2 Rg5 80. Ke2 Re5+ 81. Kd2 Rg5 82. Ke2)
66... Rd3 (66... Rg3 67. Rf7 f3 68. Rd7 Rg4 69. Rf7 Kd3+ 70. Ka5 Ke3 71. Rb7 f2
72. Rb3+ Ke4 73. Rb4+ Kf3 74. Rb3+ Kg2 75. Rb2 Rc4 76. Rd2 Rc1 77. Re2 Rb1 78.
Rd2 Kg3 79. Rd3+ Kg4 80. Rd4+ Kg5 81. Rd5+ Kf6 82. Rd6+ Ke7 83. Rh6 Kf7 84.
Rh7+ Kg8 85. Rc7 Ra1+ 86. Kb6 Rb1+ 87. Kc5 Rc1+ 88. Kb6 Rxc7 89. Kxc7 f1=Q 90.
Kc6 Qf5 91. Kd6 Qb5 92. Ke6 Qc5 93. Kf6 Qd5 94. Kg6 Qe5 95. Kh6 Kf7 96. Kh7
Qh5#) 67. Rf7 (67. Rc7+ {aendert nichts mehr} 67... Kd4 68. Kb4 f3 69. Rd7+ Ke3
70. Re7+ Kd2 71. Kc4 Ra3 72. Rf7 Ke2 73. Rb7 f2 74. Rb2+ Kf3 75. Rb1 Re3 76.
Rf1 Re1 77. Rxf2+ Kxf2 78. Kd4 Rg1 79. Ke4 Rd1 80. Kf4 Re1 81. Kg4 Re4+ 82. Kg5
Ke3 83. Kf5 Kf3 84. Kg5 Rf4 85. Kh5 Rg4 86. Kh6 Rg3 87. Kh7 Kf4 88. Kh8 Kf5 89.
Kh7 Kf6 90. Kh8 Kf7 91. Kh7 Rh3#) 67... f3 68. Rf8 Re3 69. Rf7 (69. Rh8 {
nuetzt auch nichts mehr} 69... Re4 70. Rh2 Rf4 71. Rf2 Kd4 72. Rf1 f2 73. Kb4
Rf5 74. Rd1+ Ke3 75. Rf1 Ke2 76. Rh1 Rg5 77. Kc4 Rg1 78. Rh2 Rd1 79. Rg2 Ke3
80. Rxf2 Kxf2 81. Kc5 Ke3 82. Kc6 Rd4 83. Kb6 Rd5 84. Kc6 Kd4 85. Kb6 Rc5 86.
Kb7 Kd5 87. Kb6 Kd6 88. Kb7 Rc6 89. Kb8 Rc7 90. Ka8 Kc6 91. Kb8 Kb6 92. Ka8
Rc8#) 69... Kd3 70. Kb4 Ke2 71. Kc4 (71. Rh7 {macht keinen grossen Unterschied}
71... f2 72. Rh1 Rf3 73. Rh2 Ke3 74. Rh1 Rf4+ 75. Kb5 Rf5+ 76. Kb6 Rf6+ 77. Kb7
Rf7+ 78. Kb8 Ke2 79. Rh2 Kd3 80. Rh1 Ke2 81. Rh2 Kd3 82. Rh1 Rg7 83. Rh3+ Ke4
84. Rh4+ Ke5 85. Rh5+ Ke6 86. Rh6+ Kf7 87. Rh1 Rg1 88. Rh7+ Kg8 89. Rd7 Rb1+
90. Kc7 Rc1+ 91. Kb8 Rb1+ 92. Kc7 Rc1+ 93. Kb8 Kf8 94. Rd8+ Ke7 95. Rh8 Rb1+
96. Kc7 Rc1+ 97. Kb7 Rb1+ 98. Kc7 Rc1+ 99. Kb7 Rb1+ 100. Kc7) 71... f2 72. Kd4
(72. Rxf2+ {holt die Kuh nicht vom Eis} 72... Kxf2 73. Kd4 Kf3 74. Kd5 Re4 75.
Kd6 Rd4+ 76. Kc6 Ke3 77. Kb6 Rd5 78. Kc6 Kd4 79. Kb6 Rc5 80. Kb7 Kd5 81. Kb6
Kd6 82. Kb7 Rc6 83. Kb8 Rc7 84. Ka8 Kc6 85. Kb8 Kb6 86. Ka8 Rc8#) 72... Re8 (
72... Rf3 73. Re7+ Kd2 74. Ra7 Rf4+ 75. Ke5 Rf5+ 76. Kxf5 f1=Q+ 77. Ke5 Qb5+
78. Ke4 Qd3+ 79. Kf4 Qe3+ 80. Kf5 Qxa7 81. Ke6 Qb7 82. Kf6 Qd7 83. Kg5 Qe7+ 84.
Kg6 Ke2 85. Kh6 Ke3 86. Kg6 Kf4 87. Kh6 Kf5 88. Kh5 Qh7#) 73. Rf6 73... f1=Q
$19 (73... Re3 74. Rxf2+ Kxf2 75. Kd5 Rd3+ 76. Ke4 Rd8 77. Ke5 Kf3 78. Ke6 Kf4
79. Ke7 Rd5 80. Ke6 Rd4 81. Kf6 Re4 82. Kg6 Re6+ 83. Kg7 Kg5 84. Kf7 Re5 85.
Kg7 Rf5 86. Kh7 Kf6 87. Kh8 Kf7 88. Kh7 Rh5#) 74. Rxf1 Rd8+ 75. Kc5 (75. Ke4 {
waere gleichermassen fruchtlos} 75... Kxf1 76. Ke5 Kf2 77. Ke4 Rd2 78. Kf4 Re2
79. Kg4 Re4+ 80. Kg5 Ke3 81. Kf5 Kf3 82. Kg5 Rf4 83. Kh5 Rg4 84. Kh6 Rg3 85.
Kh7 Kf4 86. Kh8 Kf5 87. Kh7 Kf6 88. Kh8 Kf7 89. Kh7 Rh3#) 75... Kxf1 76. Kc4
Kf2 77. Kc5 Ke3 78. Kc4 Rd4+ 79. Kc5 Kd3 80. Kb5 Rc4 81. Kb6 Kc3 82. Kb5 (82.
Kb7 {hilft allerdings auch nicht} 82... Kb3 83. Kb8 Kb4 84. Ka8 Kb5 85. Kb7 Rc5
86. Ka7 Kc6 87. Ka8 Kc7 88. Ka7 Ra5#) 82... Kb3 83. Kb6 Kb4 84. Ka6 Kc5 85. Kb7
Kb5 86. Ka7 Kc6 87. Kb8 (87. Ka8 {hilft auch nicht mehr} 87... Kc7 88. Ka7 Ra4#
) 87... Kb6 88. Ka8 Rc8# 0-1

[Event "ICS rated blitz match"]
[Site "204.178.125.65"]
[Date "1999.08.13"]
[Round "?"]
[White "Hossa"]
[Black "Panthee"]
[Result "1-0"]
[WhiteElo "2402"]
[BlackElo "2231"]
[Annotator "Hiarcs 7.32 (19s)"]
[PlyCount "101"]
[EventDate "1999.??.??"]

1. d4 1... a6 {Opening = A40 - 1.d4 ---} 2. c4 e6 3. Nc3 d5 4. Bf4 Nf6 5. e3
Be7 (5... dxc4 6. Bxc4 b5 7. Bb3 Bb7 8. Nf3 Bd6 9. Bxd6 cxd6 10. a3 O-O 11. O-O
Nbd7 12. Qe2 Ne4 13. Nxe4 Bxe4 14. Nd2 Bb7 15. Rfd1 Qf6 16. Bc2 Rac8 17. Be4
Bxe4 18. Nxe4 Qe7 19. a4 d5 20. Nd2 Qb4 21. axb5 axb5 22. Ra7 Nb6 23. b3 g6 24.
h4 Ra8 25. Rb7 Rfb8 26. Rxb8+ Rxb8 27. Rc1 27... Rc8 {
- Meyer,H-Paulsen,D/BL 8384 1984/BL 80 (27)}) 6. Bd3 $146 (6. Nf3 Nbd7 7. cxd5
exd5 8. Be2 O-O 9. h3 b6 10. a3 Bb7 11. b4 c5 12. bxc5 bxc5 13. Qb3 Bc6 14.
dxc5 Nxc5 15. Qb2 Qa5 16. O-O Ne6 17. Be5 Rfd8 18. Bd3 Ne4 19. Ne2 Bf6 20. Bxf6
20... Nxf6 {Sibler,S-Wildau,H/Berlin 1996/ - (44)}) 6... O-O 7. Nge2 $11 (7. c5
7... Nc6 $14) 7... dxc4 8. Bxc4 b5 9. Bd3 Bb7 10. O-O Nbd7 11. Rc1 c5 12. Re1
$15 (12. f3 cxd4 13. exd4 13... b4 $11) 12... Rc8 $11 (12... c4 13. Bc2 $15)
13. Qd2 $15 (13. f3 cxd4 14. exd4 14... Qb6 $11) 13... Qb6 $11 (13... c4 14.
Bc2 $15) 14. Bg5 $17 (14. f3 $5 $11 {ist zu erwaegen}) 14... Rfd8 15. a3 h6 16.
Bh4 cxd4 17. exd4 Bf8 18. Qe3 $15 (18. f3 b4 19. axb4 19... Bxb4 $11) 18... Bc6
$11 (18... Bd6 19. f3 $15) 19. Ne4 19... Qb7 $11 (19... Be7 20. Nxf6+ Nxf6 21.
Qh3 $15) 20. Bxf6 Nxf6 21. Nxf6+ gxf6 22. Qf4 $15 (22. Nf4 $5 {
ist nicht von der Hand zu weisen} 22... Kh8 23. Rc3 $11) 22... f5 23. Qg3+
23... Bg7 {Uebt Druck auf den Isolani d4 aus} 24. Rc2 24... Bd5 {
Nicht von der Hand zu weisen} 25. Rec1 Rxc2 26. Rxc2 Rc8 27. Rxc8+ Qxc8 28. Qe3
28... Bc4 $11 (28... Qd8 29. b4 $15) 29. g3 $15 (29. Qc1 Qb7 30. Bxc4 30...
bxc4 $11) 29... Kf8 $11 (29... Bd5 30. f3 $15) 30. Nf4 $15 (30. Qc1 30... Qc6
$11) 30... Qc6 31. h4 31... Qd6 $11 (31... Bxd3 $5 32. Nxd3 Qe4 33. Qxe4 33...
fxe4 $17) 32. Ne2 $17 (32. Bxc4 $5 32... bxc4 33. Ne2 $11) 32... Bxd3 $15 (
32... Bd5 33. b4 $15) 33. Qxd3 Qd5 34. Qe3 $15 (34. Qc3 34... Qd7 $11) 34...
Ke7 $11 (34... Qe4 35. Qd2 $15) 35. b4 $15 (35. f3 35... a5 $15) 35... Kd6 $11
(35... Qe4 $5 $15 {kommt in Betracht}) 36. f3 Qc4 37. h5 37... Qd5 $11 (37...
Qc2 38. Kf1 $15) 38. Kg2 Qc4 39. Kh3 $15 (39. Kf2 Kd5 40. Qd2 40... Kc6 $11)
39... Qd5 40. Kh2 Qc4 41. Kg2 Qc2 42. Kf2 Kd5 43. Kf1 $17 (43. Ke1 Qb1+ 44. Kf2
44... Qb2 $15) 43... Kc4 44. Kf2 (44. d5 $5 44... Kxd5 45. Kf2 $17) 44... Qd3
45. g4 $19 (45. Qc1+ $5 45... Kb3 46. Qf4 Kxa3 47. Qd6 $19) 45... fxg4 46.
Qxd3+ Kxd3 47. fxg4 47... Bxd4+ $4 $18 {und der Gewinn ist perdu} (47... Ke4
$19 $142 {Schwarz haette nun das bessere Spiel}) 48. Nxd4 $1 {die Entscheidung}
48... Kxd4 (48... f6 {hilft allerdings auch nicht} 49. Nxe6 Ke4 50. Kg3 $18)
49. g5 Ke5 (49... hxg5 {ist noch eine Idee} 50. h6 50... Kc3 $18) 50. gxh6 Kf6
51. Kf3 (51. Kf3 Kg5 52. h7 Kxh5 53. h8=Q+ Kg5 54. Qg7+ Kf5 55. Qxf7+ Ke5 56.
Qe7 $18) 1-0

[Event "ICS rated blitz match"]
[Site "204.178.125.65"]
[Date "1999.08.13"]
[Round "?"]
[White "Argentino"]
[Black "Hossa"]
[Result "0-1"]
[WhiteElo "2238"]
[BlackElo "2411"]
[Annotator "Hiarcs 7.32 (19s)"]
[PlyCount "31"]
[EventDate "1999.??.??"]

1. e4 1... Nc6 {Opening = 1.e4 Nc6} 2. d4 d5 3. e5 Bf5 4. f4 (4. Nf3 f6 5. Be2
fxe5 6. dxe5 e6 7. O-O Bc5 8. c3 a5 9. Nbd2 a4 10. Bb5 Nge7 11. Bxa4 O-O 12.
Bc2 Bxc2 13. Qxc2 Ng6 14. Nb3 Bb6 15. Nbd4 Nxd4 16. Nxd4 Qd7 17. Qe2 c5 18. Nc2
18... Rf5 {Harestad,T-Karpatchev,A/Gausdal Int 1993/TD 93\09/0-1 (34)}) 4... e6
(4... Qd7 5. Nf3 h6 6. Bd3 Nb4 7. Nc3 Nxd3+ 8. cxd3 g5 9. fxg5 hxg5 10. Bxg5 f6
11. Be3 Nh6 12. Qb3 O-O-O 13. O-O-O Ng4 14. Bg1 Bh6+ 15. Kb1 Be3 16. Bxe3 Nxe3
17. Rd2 Nc4 18. Rdd1 Rdg8 19. Ka1 Ne3 20. Rde1 Nxg2 21. Rc1 c6 22. exf6 exf6
23. Rhf1 Kb8 24. Na4 Qc7 25. Nc5 Qb6 26. Qa3 Rg7 27. Rc3 Bc8 28. Rb3 Qd8 29.
Qa4 Ka8 30. Ra3 b5 31. Qb4 Nf4 32. Rc1 Rc7 33. Na6 Bxa6 34. Rxa6 Nxd3 35. Qc3
Nxc1 36. Rxc6 Kb7 37. Rc5 Rxc5 38. Qxc5 Ne2 39. Qxb5+ {
Kybartas,A-Bitinas,A/LTU-ch Vilnius 1996/EXP 53/ - (54)}) 5. c3 $146 {Deckt b4}
(5. Nf3 Be7 6. Be3 h5 7. Bd3 Nh6 8. O-O Bxd3 9. Qxd3 Nf5 10. Bf2 g5 11. fxg5
Bxg5 12. Qb5 Rb8 13. c4 a6 14. Qa4 dxc4 15. Nc3 b5 16. Qxa6 Rb6 17. Qa3 Be7 18.
b4 Nxb4 19. Qb2 19... Nd5 {
Siepenkoetter,A-Holoubkova,M/BLW9394 1994/BIG 90/0-1 (53)}) 5... Qd7 6. Nd2
O-O-O 7. Ndf3 7... Be4 {Der Laeufer hat sein Ziel erreicht} 8. Bb5 8... a6 {
Schwarz entwickelt eine toedliche Initiative} 9. Ba4 9... Nge7 $11 (9... Kb8 $5
$15) 10. Qe2 (10. Nh3 10... Nf5 $14) 10... Kb8 11. Nh3 $17 (11. Ng5 $5 {
ist vielleicht staerker} 11... Bg6 12. Qd1 $15) 11... Nxd4 $1 {
haelt den Vorteil fest} 12. Bxd7 $19 (12. Nxd4 $5 12... Qxa4 13. Ng5 $17) 12...
Nxe2 13. Kxe2 Rxd7 14. Nfg5 $2 $19 (14. Nhg5 $142 14... Bg6 15. Be3 $19) 14...
Bxg2 15. Nxf7 (15. Rg1 {ist vielleicht noch ein Schwindelversuch} 15... Bxh3
16. Nxh3 $19) 15... Rg8 16. Rg1 0-1

[Event "ICS rated blitz match"]
[Site "204.178.125.65"]
[Date "1999.08.13"]
[Round "?"]
[White "Hossa"]
[Black "Argentino"]
[Result "0-1"]
[WhiteElo "2413"]
[BlackElo "2197"]
[Annotator "Hiarcs 7.32 (19s)"]
[PlyCount "136"]
[EventDate "1999.??.??"]

1. d4 1... Nf6 {Opening = A58 - 4.cb5 a6 5.ba6(Ba6 6.Nc3 d6 7.---)} 2. c4 c5 3.
d5 b5 4. cxb5 a6 5. bxa6 Bxa6 6. Nc3 g6 7. Nh3 $146 (7. Nf3 Bg7 8. g3 Qa5 9.
Bd2 O-O 10. Bg2 d6 11. O-O Nbd7 12. Re1 Rfb8 13. Qc2 Ng4 14. Bg5 Kf8 15. Bh3 h5
16. Rab1 Ra7 17. Nh4 Nde5 18. f3 Nh6 19. f4 Neg4 20. Nxg6+ fxg6 21. Qxg6 Bc8
22. Qxh5 c4 23. Bxh6 Qc5+ 24. e3 Nxh6 25. Ne4 Qa5 26. Bxc8 Rxc8 27. Ng5 e6 28.
Nxe6+ Kg8 29. Qg6 Qxd5 30. Nxg7 Rxg7 31. Qxh6 Re8 32. Re2 Re6 33. Qh3 Rge7 34.
Rbe1 Qd3 35. Qg4+ Kf7 36. Kf2 d5 37. Qf3 {
1-0 Fontanive,G-Hoffmann,E/AUT-chT2S 1993/EXT 93ch2 (37)}) (7. Bg5 d6 (7... Bg7
8. d6 O-O 9. dxe7 (9. e4 Bxf1 10. Kxf1 Nc6 11. Nf3 h6 12. Be3 c4 13. Qd2 Ng4
14. Bc5 e6 15. h3 Nge5 16. Nxe5 Nxe5 17. Bd4 Qa5 18. f4 Nd3 19. Bxg7 Kxg7 20.
Rb1 Rfb8 21. e5 Rb7 22. Ke2 Rab8 23. Rhc1 Nxc1+ 24. Qxc1 Qa8 25. Kf1 Rb4 26. a3
Rb3 27. Qc2 Qb7 28. Ne4 Rxb2 29. Rxb2 Qxb2 30. Qxc4 Qb5 31. Qxb5 Rxb5 32. Nf6
Rb7 33. Ke2 g5 34. fxg5 hxg5 35. a4 Kg6 36. g4 Ra7 37. Kf3 Kg7 38. Ke3 {
1-0 Palo,P-Scarwell,S/Val Maubuee op 1990/EXT 90op2 (38)}) 9... Qxe7 10. e3 Rd8
11. Bxa6 Nxa6 12. Nge2 d5 13. O-O Qb7 14. Bxf6 Bxf6 15. Qd2 {
- Ostl,A-Schneider,B/BL2-S 1996/BL2 (15)}) 8. Bxf6 exf6 9. e4 Bxf1 10. Kxf1 Bg7
11. g3 O-O 12. Kg2 Nd7 13. Nf3 Qb6 14. Rb1 Rfb8 15. Re1 Qb4 16. Qe2 Bh6 17. Qc2
Nb6 18. a3 Qa5 19. b3 Nc8 20. a4 Na7 21. Nd1 21... Rb4 {
Kortschnoj,V-Metral,J/Val Maubuee op 1990/EXT 90op/1-0 (41)}) 7... Bg7 8. e4
Bxf1 9. Rxf1 d6 10. Ng5 O-O 11. Bf4 Nbd7 12. f3 h6 13. Nh3 Qa5 14. Qd2 14...
Rfb8 {Schwarz erlangt Initiative} 15. Rh1 $15 (15. Nd1 $16 $142) 15... Qb4 $14
(15... Rxb2 16. Qxb2 16... Nxe4 $19) 16. Nd1 g5 17. Qxb4 cxb4 18. Bxg5 $4 $19 {
wirft den Vorteil weg} (18. Be3 $14 $142 {ist gerade noch spielbar}) 18... hxg5
19. Nxg5 Nc5 20. Kf2 (20. g4 Nfd7 21. Ke2 21... Nb3 $19) 20... b3 (20... Nh5 $5
$142 21. g4 21... Nf4 $19) 21. a3 Nfd7 22. Kg1 $2 (22. Rb1 $19 $142) 22... Nd3
23. Rb1 Bd4+ 24. Kf1 N7c5 (24... N7e5 {waere im Gewinnsinne praeziser} 25. f4
Nc4 26. Nf3 $19) 25. Ke2 Nf4+ 26. Kf1 Na4 27. g3 Nd3 28. f4 28... Ndxb2 $1 {
glaenzend gespielt} 29. Rc1 (29. Nxb2 {
bot noch bessere Widerstandsmoeglichkeiten} 29... Bxb2 30. Nf3 $19) 29... Nxd1
30. Rxd1 b2 31. Kg2 Bf6 32. Nf3 {Weiss plant e5} (32. e5 {hilft auch nicht mehr
} 32... Bxg5 33. fxg5 33... Nc3 $19) 32... Nc3 33. Rb1 (33. Rde1 {
lenkt den Gegner vielleicht noch ab} 33... b1=Q 34. Rxb1 Nxb1 35. e5 $19) 33...
Nxb1 34. Rxb1 Rxa3 35. e5 dxe5 36. fxe5 Ra1 37. Rxb2 Rxb2+ 38. Kh3 Bg7 39. d6
exd6 40. exd6 Rd1 41. Nh4 Rxd6 42. Nf5 Rdd2 43. Kg4 Rxh2 44. Kg5 Rhg2 (44...
Rb4 45. Ne3 f6+ 46. Kg6 Rh6+ 47. Kf5 Kf7 48. g4 Rg6 49. Nc4 Rxc4 50. g5 Rxg5#)
45. Ne7+ 45... Kf8 {Droht Matt} 46. Nf5 Rxg3+ (46... Rb4 47. Ne3 Rxg3+ 48. Ng4
Rgxg4+ 49. Kh5 Bf6 50. Kh6 Rh4#) 47. Nxg3 47... Rg2 {Droht Matt: Rxg3} 48. Kf4
Be5+ (48... Rxg3 $142 {liesse Weiss keine Chance} 49. Ke4 $19) 49. Ke4 {
Schwarz darf Weiss nun nicht zu Nf5 kommen lassen} 49... Rxg3 $1 {
nun ist alles klar. Droht Matt: Ke7} 50. Kd5 Ke7 51. Kc6 51... Bg7 {
Es droht Matt} 52. Kd5 52... Rg5+ $19 (52... Rc3 53. Ke4 Ke6 54. Kf4 Bh6+ 55.
Kg4 f5+ 56. Kh5 Kf6 57. Kh4 Bg5+ 58. Kh5 Rh3#) 53. Ke4 53... Ke6 $1 {
die Entscheidung. Droht Matt} 54. Kf3 Bf6 55. Ke3 55... Ke5 {
Mit der Mattdrohung Rg3} 56. Kd3 Be7 57. Kc4 57... Rg3 {Mit der Mattdrohung Rb3
} 58. Kb5 Rc3 (58... Kd5 59. Kb6 Bd6 60. Kb7 Rb3+ 61. Ka8 Kc6 62. Ka7 Ra3#) 59.
Ka5 59... Kd5 $19 (59... Rb3 60. Ka4 Rb5 61. Kxb5 f5 62. Kc4 Ke4 63. Kc3 f4 64.
Kc4 f3 65. Kb5 f2 66. Kb6 f1=Q 67. Kc6 Qg1 68. Kc7 Qa7+ 69. Kc8 Bf8 70. Kd8 Qb7
71. Ke8 Qe7#) 60. Kb6 Rc6+ (60... Bd6 61. Kb5 Bc5 62. Ka4 Kc4 63. Ka5 Ra3#) 61.
Ka5 (61. Ka7 {holt die Kuh nicht vom Eis} 61... Rb6 62. Kxb6 f5 63. Kc7 f4 64.
Kd7 f3 65. Kxe7 f2 66. Kf7 f1=Q+ 67. Kg6 Qf3 68. Kh6 Qg3 69. Kh7 Ke5 70. Kh8
Kf6 71. Kh7 Qg7#) 61... Kc5 (61... Kc4 62. Ka4 Ra6#) 62. Ka4 62... Rb6 $19 (
62... Kc4 63. Ka5 Bd8+ 64. Ka4 Ra6#) 63. Ka5 63... Bh4 $19 (63... Rd6 64. Ka4
Rd3 65. Ka5 Ra3#) 64. Ka4 64... Rb5 $19 (64... Rb3 $1 65. Kxb3 f5 66. Kc3 f4
67. Kd3 f3 68. Ke3 f2 69. Ke2 Kc4 70. Kf1 Kd3 71. Kg2 Ke2 72. Kh2 Bf6 73. Kh3
f1=Q+ 74. Kg3 Qh1 75. Kg4 Qf3#) 65. Ka3 Kc4 66. Ka4 (66. Ka2 {
aendert den traurigen Lauf der Dinge nicht} 66... Bf6 $1 {entscheidend} 67. Ka3
Ra5#) 66... Re5 (66... Bf6 67. Ka3 Ra5#) 67. Ka3 67... Re2 $1 {huebsch} 68. Ka4
Ra2# 0-1